banner-ar

TOYS / (Record no. 17740)

MARC details
000 -الفاتح
حقل البيانات ثابتة الطول 00450nam a2200193Ia 4500
008 - عناصر البيانات ثابتة الطول - معلومات عامة
حقل البيانات ثابتة الطول 140319s9999 xx 000 0 eng d
040 ## - مصدر الفهرسة
وكالة الفهرسة الأصلية GCL /
وكالة النسخ GCL
082 04 - رقم تصنيف ديوى العشرى
رقم التصنيف CH
رقم المادة 032
-- T H
100 1# - المدخل الرئيسى - إسم شخصى
الإسم الشخصى TANNER, GILL
245 10 - بيان العنوان
العنوان TOYS /
بيان المسئوليه,etc TANNER, GILL
700 1# - المدخل الاضافى - اسم شخصى
الإسم الشخصى WOOD, TIM
260 ## - PUBLICATION, DISTRIBUTION, ETC. (IMPRINT)
تاريخ النشر أو التوزيع 1992
300 ## - الوصف المادى
التعداد 25
650 04 - المدخل الاضافى بالموضوع-مصطلح موضوعى
مصطلح موضوعي READING
650 04 - المدخل الاضافى بالموضوع-مصطلح موضوعى
مصطلح موضوعي CHILDREN
650 04 - المدخل الاضافى بالموضوع-مصطلح موضوعى
مصطلح موضوعي KNOWLEDGE
942 ## - عناصر المدخل الإضافي( كوها)
مصدر التصنيف او مخطط الترفيف Dewey Decimal Classification
Koha [default] item type كتاب
260 ## - PUBLICATION, DISTRIBUTION, ETC. (IMPRINT)
-- [S.N] :
-- A AND C BLACK LIMITED ،
Holdings
حالة التراجع حالة الفقد حالة تلف ليس للاعارة المكان المؤقت الموقع الحالى تاريخ الاكتساب اجمالي اﻻعارات رقم الطلب الباركود تاريخ اخر مشاهدة تاريخ تفعيل السعر نوع وعاء كوها
        مكتبة القاهرة الكبرى مكتبة القاهرة الكبرى 03/26/2014   CH\032\T H 31992 03/26/2014 03/26/2014 كتاب
        مكتبة القاهرة الكبرى مكتبة القاهرة الكبرى 03/26/2014   CH\032\T H 31993 03/26/2014 03/26/2014 كتاب

Powered By

EGPV